000 01428nam a22002417a 4500
001 6696
003 FISKH
005 20250521111354.0
008 250521b cb ||||| |||| 00| 0 eng d
040 _aFISKH
_bkhr
_cFISKH
_dFISKH
082 _a900
100 _aSarin, Uth
245 _aស្រណោះព្រលឺងខ្មែរ /
_cអុិត សារិន អតីត សាស្រ្តចារ្យមធ្យមសិក្សាបឋមភូមិ អធិការ បឋមសិក្សា​
250 _aបោះពុម្ពលើកទី១
260 _aភ្នំពេញ :
300 _a56 pages :
_billustrations ;
_c21 cm .
520 _aសៀវភៅ «ស្រណោះព្រលឺងខ្មែរ» ដែលសរសេរដោយលោក អុិត សារិន គឺជារឿងនិទានខ្លីៗដែលបង្ហាញពីភាពទុក្ខសោក និងការលំបាកក្នុងជីវិតរបស់មនុស្សខ្មែរនៅក្នុងសង្គម។
520 _aThe book "Sorrow at the Dawn of Cambodia", written by Uth Sarin, is a collection of short stories that depict the sorrow and hardships in the lives of Cambodian people within society.
650 _aព្រលឺងខ្មែរ
650 _aCambodian's soul
942 _2ddc
_cKHB
_n0
999 _c6696
_d6696